| 000 | 00499nam a2200145 a 4500 | ||
|---|---|---|---|
| 001 | 000029216 | ||
| 005 | 20200930055413.0 | ||
| 008 | 110414s2007 dr ad 000 0 spa d | ||
| 040 |
_aDO-SdBNP _bspa _cBNPHU |
||
| 245 | 3 |
_aLa jefatura femenina de hogar en República Dominicana : _bun estudio a partir de datos censales. |
|
| 260 |
_aSanto Domingo : _bOficina Nacional de Estadística (ONE), _c2007. |
||
| 300 |
_a28 p. : _bil., gráf. ; _c23 cm. |
||
| 504 | _aBibliografía : p. 27 -28 | ||
| 049 | _aBNPD | ||
| 999 |
_c28708 _d28708 |
||